Hilfsbuch zu den Belehrungen über wirtschaftliche und gesellschaftliche Fragen im Unterricht auf der Oberstufe

Guardado en:
Detalles Bibliográficos
Formato: Libro
Lenguaje:alemán
Publicado: Leipzig B. G. Teubner 1896
Etiquetas: Agregar Etiqueta
Sin Etiquetas, Sea el primero en etiquetar este registro!

MARC

LEADER 00000nam a2200000 4500
001 0306949
005 20250211114031.8
041 0 |a ger 
044 |a DE 
245 1 0 |a Hilfsbuch zu den Belehrungen über wirtschaftliche und gesellschaftliche Fragen im Unterricht auf der Oberstufe  |c Karl Schenk 
264 1 |a Leipzig  |b B. G. Teubner  |c 1896